| 000 | 01338nam a2200241Ia 4500 | ||
|---|---|---|---|
| 003 | Ost | ||
| 005 | 20260416102353.0 | ||
| 008 | 260416s9999||||xx |||||||||||||| ||und|| | ||
| 040 | _cfsecg | ||
| 041 | _aara | ||
| 082 | _a339 | ||
| 100 |
_aمغلاوي، أمينة _eمؤلف |
||
| 245 | 0 |
_aالإقتصاد الكلي / _c أمينة مغلاوي |
|
| 260 |
_aالجزائر _bجامعة الجزائر3: كلية العلوم الإقتصادية، العلوم التجارية وعلوم التسيير _c2017 |
||
| 300 |
_a119 ورقة _bايضاحات _c30 سم |
||
| 504 | _aمراجع ص.115 | ||
| 520 | _aمدخل إلى النظرية الاقتصادية الكلية و الحسابات الوطنية، النظرية الاقتصادية الكلاسيكية، النموذج الكينزي البسيط، دوال الاستهلاك الحديثة، التوازن الاقتصادي العام (منحنى ISومنحنىLM)، نماذج النمو الاقتصادي، الدورات الاقتصادية. | ||
| 653 | _aالاستهلاك | ||
| 653 | _aالاقتصاد الكلي | ||
| 653 | _aالتوازن الاقتصادي | ||
| 710 |
_aجامعة الجزائر3: كلية العلوم الإقتصادية، العلوم التجارية وعلوم التسيير _eناشر علمي |
||
| 942 | _cHANDOUT | ||
| 999 |
_c41071 _d41071 |
||